000 00619cam a2200193 a 4500
001 000009089
005 20200929161502.0
008 950912s1995 sp 001 j spa
020 _a8420481564
040 _aDO-SdBNP
_cDLC
_dDLC
082 _aCu863.44
_bC117d
100 1 _aCabrera Infante, G.
_q(Guillermo Cabrera Infante),
_d1929-2005.
_923738
245 1 0 _aDelito por bailar el chachachá /
_cG. Cabrera Infante.
260 _aMadrid :
_bSantillana,
_cc1995.
300 _a100 p. ;
_c23 cm.
650 4 _aCuentos cubanos
_91482
650 4 _aLiteratura cubana
_ySIGLO XX
_99186
910 _aCatalogación por copia / LC
999 _c8853
_d8853